1678 1933 1547 1817 1892 1350 1365 1103 1660 1963 1094 1703 1751 1302 1625 1126 1691 1454 1633 1070 1917 1977 1997 1408 1630 1798 1621 1843 1825 1839 1510 1752 1022 1439 1477 1180 1930 1675 1236 1583 1453 1590 1882 1447 1578 1155 1250 1289 1113 1929 1237 1984 1265 1093 1741 1367 1056 1268 1390 1645 1000 1056 1708 1523 1074 1411 1560 1478 1053 1326 1247 1989 1651 1242 1972 1009 1688 1222 1413 1216 1196 1799 1021 1580 1849 1869 1599 1399 1113 1290 1529 1057 1366 1611 1024 1266 1454 1977 1342 BCNSPRNW ULIB Ver.6.0+V

เปลี่ยนเป็นภาษาไทย

Change to English
 แสดงรายละเอียดบรรณานุกรม
  กลับหน้าหลัก

Brief Record : Get Marc (ISO 2709) : E-mail record : QR code < ปิดหน้าต่าง
LEADER : 00000nam 2200000uu 4500
001    13399107786
003     ULIB
008    110203s2552||||th 000 0 tha d
020    9746577123
060 04 WY20.5^bว523ก 2552
100 0  วิจิตร ศรีสุพรรณ
245 10 การวิจัยทางการพยาบาล :^bหลักการและแนวปฏิบัติ /^cวิจิตรศรีสุพรรณ
250    พิมพ์ครั้งที่ 4
260    เชียงใหม่ :^bโครงการตำรา คณะพยาบาลศาสตร์มหาวิทยาลัยเชียงใหม่,^c2552
300    171 หน้า ;^c27 ซม.
650  7 การพยาบาล^xวิจัย
650  7 พยาบาล^xวิจัย
710 2  มหาวิทยาลัยเชียงใหม่. ^bคณะพยาบาลศาสตร์. ^bโครงการตำรา
995    เกษร
999    ^aใช้งานได้ทุกระบบ
รายการนี้ยังไม่มีแท็ก
คุณยังไม่ได้ล็อกอิน คุณสามารถมีกิจกรรมร่วมกับเว็บไซต์ได้ แต่ต้องล็อกอินก่อน ::
  ล็อกอิน

รายการสื่อสารสนเทศ

ลำดับที่ ประเภท เลขเรียก/บาร์โค้ด สถานที่ สถานะ
- ไม่พบข้อมูล -

รายการใกล้เคียง
    ผู้แต่ง [วิจิตร ศรีสุพรรณ]

BibComment


ยังไม่เคยถูกคอมเมนท์

คอมเมนท์ทรัพยากรรายการนี้
  คอมเมนท์: การวิจัยทางการพยา..


 Copyright 2026. Bcnsprnw @Library